00582nam a2200217 450000100060000000300080000600500170001400800390003103500190007004000320008904100110012108200170013210000330014924500230018226000300020530000210023535000160025650000400027250500420031265000100035420148BD-RjUL20211209000527.0140226s1967 enk 000 0 eng a(BD-RjUL)20210 aDLCcDLCdDLCdBD-RjULbeng1 aengfre00a842.912bGIP1 aGiraudoux, Jean,d1882-1944.00aPlays /nVolume II aLondon :bMethuen,c1967. a273 p. ;c21 cm. a45/- (v. 2) aVol. 2 translated by Roger Gellert.1 av. 2. Amphitryon. Intermezzo. Ondine. aplays